00477nam a22001817a 4500003000500000005001700005008004100022010001000063011001000073035001000083040000900093082001600102100001400118245007400132260004200206300003100248650001600279CHAP20220329141711.0971013s1978 hu a r 00010 eng d a72440 a73412 a82969 cCHAP04a632.95bB3500aBanki, L.1 aBioassay of pesticides in the laboratory research and quality control aBudapest :bAkadémia Kiadó,c1978 a486 p.b: ilus. ; gráfs.14aPesticidas.